• 首页
  • 本馆介绍
  • 公告通知
  • 最新文献
  • 馆藏检索
  • 电子资源
  • 读者导购
  • 参考咨询
  • 我的图书馆
  • 登录
  • 详细信息显示
  • 放入我的书架
  • 预约/预借图书
  • 作者相关作品
  • 分类相关作品
  • 丛书相关作品
  • 出版社相关作品

书目信息

  • 表格格式
  • 工作单格式
  • 卡片格式
题名:
大学生心理健康教育
    
 
作者: 龙瑞全 , 戴益信 主编
分册:  
出版信息: 镇江   江苏大学出版社  2017
页数: 320页
开本: 26cm
丛书名:
单 册:
中图分类: G444-43
科图分类:
主题词: 大学生--da xue sheng--心理健康--健康教育--高等教育--教材
电子资源:
ISBN: 978-7-81130-800-6
000 01069nam0 2200277 45
001 012001003102
005 20130125092426.0
010    @a978-7-81130-800-6@dCNY49.80
099    @aCAL 012015005831
100    @a20150115d2014 em y0chiy50 ea
101 0  @achi
102    @aCN@b320000
105    @aak a 000yy
106    @ar
200 1  @a大学生心理健康教育@Ada xue sheng xin li jian kang jiao yu@f主编龙瑞全, 戴益信
210    @a镇江@c江苏大学出版社@d2017
215    @a320页@c图@d26cm
320    @a有书目 (第320页)
330    @a本书共分十章,内容涵盖心理健康、心理适应和挫折教育、自我意识、人格发展、学习心理、生涯规划、情绪管理、人际交往、心理问题及调适等主题,准确把握大学生的心理特点,将心理健康知识与学生的现实生活有机结合,注重学生的阅读习惯及心理需求。
333    @a普通高等教育“十二五”规划教材
606 0  @a大学生@Ada xue sheng@x心理健康@x健康教育@x高等教育@j教材
690    @aG444-43@v5
701  0 @a龙瑞全@Along rui quan@4主编
701  0 @a戴益信@Adai yi xin@4主编
801  2 @aCN@b江苏凤凰@c20191020
905    @b1217168-71@dG444-43@e422@f4
    
    大学生心理健康教育/主编龙瑞全, 戴益信.-镇江:江苏大学出版社,2017
    320页:图;26cm
    使用对象:普通高等教育“十二五”规划教材
    
    ISBN 978-7-81130-800-6:CNY49.80
    本书共分十章,内容涵盖心理健康、心理适应和挫折教育、自我意识、人格发展、学习心理、生涯规划、情绪管理、人际交往、心理问题及调适等主题,准确把握大学生的心理特点,将心理健康知识与学生的现实生活有机结合,注重学生的阅读习惯及心理需求。
●
相关链接 在E读中查询图书 在五车中查询图书 在当当中查询图书 在豆瓣中查询图书


正题名:大学生心理健康教育     索取号:G444-43/422         预约/预借

序号 登录号 条形码 馆藏地/架位号 状态 备注
1 1217168   212171683   第一样本阅览室/ [索取号:G444-43/422] 在馆    
2 1217169   212171692   教育系资料室/ [索取号:G444-43/422] 在馆    
3 1217170   212171709   教育系资料室/ [索取号:G444-43/422] 在馆    
4 1217171   212171718   第四借阅区/ [索取号:G444-43/422] 在馆    
唐山师范学院图书馆 欢迎您!
大连网信软件有限公司© 版权所有